Federal court of India (Record no. 431120)

000 -LEADER
fixed length control field 00331cam a22001217a 4500
008 - FIXED-LENGTH DATA ELEMENTS--GENERAL INFORMATION
fixed length control field 180718b1936 xxu||||| |||| 00| 0 eng d
082 ## - DEWEY DECIMAL CLASSIFICATION NUMBER
Classification number H211x54 Su72
100 ## - MAIN ENTRY--PERSONAL NAME
Personal name Sunda, E.S.
245 ## - TITLE STATEMENT
Title Federal court of India
Statement of responsibility, etc. by E.S. Sunda
260 ## - PUBLICATION, DISTRIBUTION, ETC.
Place of publication, distribution, etc. Madura
Name of publisher, distributor, etc. Hall of Law Research
Date of publication, distribution, etc. 1936
300 ## - PHYSICAL DESCRIPTION
Extent 268p.
650 ## - SUBJECT ADDED ENTRY--TOPICAL TERM
Topical term or geographic name entry element India --Federal Court
Holdings
Withdrawn status Lost status Damaged status Not for loan Permanent Location Current Location Date acquired Full call number Barcode Date last seen Price effective from Koha item type
        Indian Institute of Public Administration Indian Institute of Public Administration 2010-01-15 H211x54 Su72 A39 2018-07-21 2018-07-21 A

Powered by Koha